000 00526nam a22001937a 4500
005 20250630144956.0
008 250630b |||||||| |||| 00| 0 eng d
040 _aLoreto College
041 _aEnglish
082 _a915.4
_bSPA
100 _aSpate,O.H.K
245 _aIndia and Pakistan
_ba general and regional geography
_cO.H.K SPate and T. A Learmonth
260 _aLondon
_bMethuen & co.
_c1972
300 _a877p.
_b23cm.
650 _aGeography
700 _4Auth
_aLearmonth,T. A
850 _aLCLIB
942 _cBK
999 _c44129
_d94608